| 000 | 00469nam a2200181Ia 4500 | ||
|---|---|---|---|
| 008 | 230524s9999 xx 000 0 und d | ||
| 020 | _a9788131703255 | ||
| 082 |
_a537 _bBOZ |
||
| 100 | _aCecil C.Bozarth | ||
| 245 | 0 | _aIntroduction to Operations and Supply Chain Management | |
| 250 | _aIST | ||
| 260 |
_aNEW DELHI _bPearson _c2009 |
||
| 300 | _aXII;225 | ||
| 500 | _aQuantity Number: 2 | ||
| 650 | _aManagement | ||
| 700 | _a Robert B.Handfield | ||
| 942 | _cBK | ||
| 999 |
_c45907 _d45907 |
||